000
002460000a22000970004500
100
1
_a
Power, Grant
245
1
0
_a
Let the people lead : Lessons learned in African cities
300
_a
Núm 56 (1997), Páginas 1-4
773
0
_t
Together
942
_c
ANA
999
_c
57140
_d
57140